21st century dictionary of acronyms and abbreviations / (Record no. 112301)
[ view plain ]
| 000 -LEADER | |
|---|---|
| fixed length control field | 00615nam a2200181 a 4500 |
| 001 - CONTROL NUMBER | |
| control field | 1112 |
| 005 - DATE AND TIME OF LATEST TRANSACTION | |
| control field | 20140414131933.0 |
| 008 - FIXED-LENGTH DATA ELEMENTS--GENERAL INFORMATION | |
| fixed length control field | 041020s19uu xx 00 eng d |
| 020 ## - INTERNATIONAL STANDARD BOOK NUMBER | |
| International Standard Book Number | 0-440-21548-X |
| 050 ## - LIBRARY OF CONGRESS CALL NUMBER | |
| Classification number | REF 421 |
| Item number | T91 1993 |
| 245 ## - TITLE STATEMENT | |
| Title | 21st century dictionary of acronyms and abbreviations / |
| Statement of responsibility, etc | edited by the Princeton Language Institute ; Diana Ajjan Compiler. |
| 260 ## - PUBLICATION, DISTRIBUTION, ETC. (IMPRINT) | |
| Place of publication, distribution, etc | New York : |
| Name of publisher, distributor, etc | Deli Publishing, |
| Date of publication, distribution, etc | 1993. |
| 300 ## - PHYSICAL DESCRIPTION | |
| Extent | vii, 368 p. : col. ; cm. |
| 500 ## - GENERAL NOTE | |
| General note | Princeton Language Institute. |
| 650 ## - SUBJECT ADDED ENTRY--TOPICAL TERM | |
| Topical term or geographic name as entry element | English language |
| General subdivision | Acronyms. |
| 650 ## - SUBJECT ADDED ENTRY--TOPICAL TERM | |
| Topical term or geographic name as entry element | English language |
| General subdivision | Abbreviations. |
| Withdrawn status | Lost status | Damaged status | Use restrictions | Home library | Current library | Shelving location | Date acquired | Source of acquisition | Total Checkouts | Full call number | Barcode | Date last seen | Price effective from | Koha item type |
|---|---|---|---|---|---|---|---|---|---|---|---|---|---|---|
| Munich Library | Munich Library | Reference Section | 10/20/2004 | REF 421 T91 1993 | M3558 | 04/14/2014 | 04/14/2014 | Books |